[Event "Hunan Belt and Road Open 2019"]
[Site "Hunan"]
[Date "2019.08.03"]
[Round "6.35"]
[White "Munkhgal, Gombosuren"]
[Black "Setyaki, Azarya Jodi"]
[Result "1/2-1/2"]
[WhiteElo "2442"]
[BlackElo "2409"]
[Annotator "NA"]
[PlyCount "89"]
[EventDate "2019.07.29"]
[EventType "swiss"]
[EventCountry "CHN"]
[SourceTitle "playchess.com"]
[Source "ChessBase"]
[SourceQuality "1"]
[TimeControl "5400+30"]

1. d4 {[%emt 0:00:00]} Nf6 {[%emt 0:04:29]} 2. Nf3 {[%emt 0:00:00]} g6 {[%emt 0:00:07]} 3. Bg5 {[%emt 0:00:00]} Bg7 {[%emt 0:00:06]} 4. Nbd2 {[%emt 0:00:00]} O-O {[%emt 0:00:06]} 5. e4 {[%emt 0:00:00]} d5 {[%emt 0:00:11]} 6. Bd3 {[%emt 0:00:26]} dxe4 {[%emt 0:03:39]} 7. Nxe4 {[%emt 0:00:07]} Nxe4 {[%emt 0:00:22]} 8. Bxe4 {[%emt 0:00:04]} c5 {[%emt 0:00:45]} 9. c3 {[%emt 0:04:05]} cxd4 {[%emt 0:02:55]} 10. Nxd4 {[%emt 0:01:40]} Qc7 {[%emt 0:01:06]} 11. Be3 {[%emt 0:12:48]} a6 {[%emt 0:05:03]} 12. O-O {[%emt 0:19:31]} Nd7 {[%emt 0:04:46]} 13. a4 {[%emt 0:07:08]} Nb6 {[%emt 0:01:07]} 14. Qb3 {[%emt 0:14:26]} Nc4 {[%emt 0:01:19]} 15. Bc1 {[%emt 0:08:16]} Rb8 {[%emt 0:05:23]} 16. Bd5 {[%emt 0:05:52]} Nb6 {[%emt 0:08:23]} 17. Bf3 {[%emt 0:00:06]} e5 {[%emt 0:00:09]} 18. a5 {[%emt 0:00:16]} Nd7 {[%emt 0:03:18]} 19. Nc2 {[%emt 0:00:33]} Nc5 {[%emt 0:00:13]} 20. Qa3 {[%emt 0:01:55]} Be6 {[%emt 0:00:54]} 21. Be3 {[%emt 0:00:24]} Rfc8 {[%emt 0:01:33]} 22. Nb4 {[%emt 0:04:46]} e4 {[%emt 0:01:02]} 23. Be2 {[%emt 0:02:00]} Bf8 {[%emt 0:05:18]} 24. g3 {[%emt 0:01:32]} Rd8 {[%emt 0:01:28]} 25. Bf4 {[%emt 0:01:49]} Bd6 {[%emt 0:00:07]} 26. Bxd6 {[%emt 0:00:13]} Rxd6 {[%emt 0:00:07]} 27. Rad1 {[%emt 0:00:32]} Rbd8 {[%emt 0:00:06]} 28. Nc2 {[%emt 0:05:15]} Nb3 {[%emt 0:06:44]} 29. Rxd6 {[%emt 0:06:18]} Rxd6 {[%emt 0:02:43]} 30. Rd1 {[%emt 0:00:07]} Rxd1+ {[%emt 0:01:29]} 31. Bxd1 {[%emt 0:00:01]} Nxa5 {[%emt 0:00:25]} 32. Nd4 {[%emt 0:00:14]} Bd5 {[%emt 0:00:53]} 33. Be2 {[%emt 0:00:42]} Nc6 {[%emt 0:01:16]} 34. Qc5 {[%emt 0:01:33]} Qd7 {[%emt 0:01:40]} 35. Nc2 {[%emt 0:01:32]} Be6 {[%emt 0:01:24]} 36. Ne3 {[%emt 0:02:18]} Qd2 {[%emt 0:03:42]} 37. Bxa6 {[%emt 0:00:28]} Qxb2 {[%emt 0:04:41]} 38. Kg2 {[%emt 0:00:14]} h5 {[%emt 0:08:15]} 39. Bb5 {[%emt 0:00:14]} Na5 {[%emt 0:02:12]} 40. Bd7 {[%emt 0:01:24]} Bxd7 {[%emt 0:02:03]} 41. Qxa5 {[%emt 0:00:00]} Be6 {[%emt 0:00:33]} 42. Qd8+ {[%emt 0:00:58]} Kh7 {[%emt 0:00:16]} 43. Nd5 {[%emt 0:00:51]} e3 {[%emt 0:11:43]} 44. Nf6+ Kg7 {[%emt 0:00:01]} 45. Nxh5+ {[%emt 0:00:18]} 1/2-1/2

[Event "Hunan Belt and Road Open 2019"]
[Site "Hunan"]
[Date "2019.08.03"]
[Round "6.36"]
[White "Raja Harshit"]
[Black "Li, Shilong"]
[Result "1/2-1/2"]
[WhiteElo "2434"]
[BlackElo "2457"]
[Annotator "ChessBase"]
[PlyCount "58"]
[EventDate "2019.07.29"]
[EventType "swiss"]
[EventCountry "CHN"]
[SourceTitle "playchess.com"]
[Source "ChessBase"]
[SourceQuality "1"]
[TimeControl "5400+30"]

1. e4 {[%emt 0:00:01]} c5 {[%emt 0:00:00]} 2. Nf3 {[%emt 0:00:12]} d6 {[%emt 0:00:00]} 3. d4 {[%emt 0:00:05]} cxd4 {[%emt 0:00:00]} 4. Nxd4 {[%emt 0:00:09]} Nf6 {[%emt 0:00:00]} 5. Nc3 {[%emt 0:00:09]} Nc6 {[%emt 0:00:01]} 6. Bg5 {[%emt 0:00:11]} e6 {[%emt 0:00:16]} 7. Qd3 {[%emt 0:00:22]} Be7 {[%emt 0:03:29]} 8. O-O-O {[%emt 0:00:20]} O-O {[%emt 0:00:40]} 9. h4 {[%emt 0:01:57]} Qb6 {[%emt 0:34:04]} 10. Nxc6 {[%emt 0:19:01]} bxc6 {[%emt 0:00:19]} 11. Qg3 {[%emt 0:07:10]} Rb8 {[%emt 0:19:08]} 12. b3 {[%emt 0:00:10]} Qa5 {[%emt 0:01:07]} 13. h5 {[%emt 0:05:23]} Rb7 {[%emt 0:07:09]} 14. Rh3 {[%emt 0:04:58]} e5 {[%emt 0:06:12]} 15. h6 {[%emt 0:20:27]} Bxh3 {[%emt 0:07:29]} 16. hxg7 {[%emt 0:00:06]} Rd8 {[%emt 0:02:15]} 17. Qxh3 {[%emt 0:01:48]} d5 {[%emt 0:00:36]} 18. Be2 {[%emt 0:20:55]} Qa3+ {[%emt 0:10:05]} 19. Kb1 {[%emt 0:01:09]} d4 {[%emt 0:00:08]} 20. Na4 {[%emt 0:04:27]} Qxa4 {[%emt 0:01:01]} 21. Rh1 {[%emt 0:00:05]} d3 {[%emt 0:00:09]} 22. Bxd3 {[%emt 0:02:20]} h5 {[%emt 0:02:13]} 23. Qf5 {[%emt 0:01:25]} Rxd3 {[%emt 0:01:19]} 24. Bxf6 {[%emt 0:03:30]} Bxf6 {[%emt 0:00:46]} 25. Qxf6 {[%emt 0:02:29]} Qd4 {[%emt 0:03:27]} 26. Qh6 {[%emt 0:00:35]} Rd1+ {[%emt 0:00:14]} 27. Rxd1 {[%emt 0:00:04]} Qxd1+ {[%emt 0:00:02]} 28. Kb2 {[%emt 0:00:04]} Qd4+ {[%emt 0:00:03]} 29. Kb1 {[%emt 0:00:24]} Qd1+ {[%emt 0:00:34]} 1/2-1/2